00550nam a2200193Ia 450000500170000000800410001702000180005804100120007608200170008810000160010524500520012125000120017326000650018530000190025065000200026965000130028965000300030265000240033220260429112310.0260429s9999||||xx |||||||||||||| ||und|| a9789386559098 aEnglish a624.151bSIN aSingh, S K  0aPrinciples of engineering geology / cS K Singh a1st ed. aNew Delhi : bVenus Books, Publishers & Distributors,c2023. aix, 308 p.; hb a Earth sciences a Geology a Geotechnical engineering aEngineering geology